Contabilidad de costos II Costos por procesos, costos conjuntos y costos estǹdar. Con aproximaciones a la NIC2 /

Bibliographic Details
Main Author: Rincn̤ Soto, Carlos Augusto
Other Authors: Villarreal Vs̀quez, Fernando, Narvèz Grisales, Juliǹ Andrš, Molina Mora, Francisco Ricardo
Format: eBook
Language:Spanish
Published: Bogot:̀ Ediciones de la U, 2020
Edition:2® Edicin̤
Subjects:
Online Access:Acceso restringido

MARC

LEADER 00000nam a22000007a 4500
005 20210706010044.0
007 cr|||| ||||
008 210706s2020 co |||||s|||| 00||0 spa d
020 |a 978-958-792-197-7 
035 |a 33341 
040 |a vLex 
090 |c 11853  |d 11853 
100 1 |a Rincn̤ Soto, Carlos Augusto 
245 1 0 |a Contabilidad de costos II  |h [Recurso electrn̤ico] :  |b Costos por procesos, costos conjuntos y costos estǹdar. Con aproximaciones a la NIC2 /  |c Carlos Augusto Rincn̤ Soto, Fernando Villarreal Vs̀quez, Juliǹ Andrš Narvèz Grisales, Francisco Ricardo Molina Mora 
250 |a 2® Edicin̤ 
256 |a Servicio en ln̕ea 
260 |a Bogot:̀  |b Ediciones de la U,  |c 2020 
300 |a 1 recurso electrn̤ico 
500 |a Contabilidad de Costos II trae elementos especiales e innovadores en la enseąnza y aplicacin̤ de los costos por procesos, estǹdar y conjuntos, con ejemplos bs̀icos e integrales de los procesos de cl̀culo, contable y documental del sistema de informacin̤ de costos, enfocǹdose en un mťodo ms̀ sencillo para los cl̀culos y obtencin̤ de indicadores comunes y otros originales necesarios para la toma de decisiones. Los costos por procesos en ln̕ea se aplican con la matriz FHER (Forma Horizontal de Establecer Resultados), que entrega los mismos indicadores de la matriz tradicional vertical, pero ms̀ inteligible para enseąr e interpretar. Contiene ejercicios compuestos por pero̕dos, explicados de manera articulada al proceso contable y documental (kr̀dex, nm̤ina, hoja de costos). En los costos estǹdar se plantea el ejercicio de las bandas superior e inferior, indicadores de variacin̤ por bandas, un ejemplo completo de estǹdar con procesos y estǹdar en r̤denes de produccin̤, compuesto por pero̕dos con la articulacin̤ contable y documental. Esta herramienta conceptual y aplicada, apoya al docente con ejemplos y ejercicios que ayudarǹ al estudiante a entender de manera integral el sistema de informacin̤ de costos, con las metodologa̕s en ln̕ea, conjuntos y estǹdar. 
506 1 |a Disponible solo en los productos indicados  |d vLex Global  |d vLex Global (Academic Edition, excluding Law Schools)  |d vLex Global (U.S. Academic Edition, Law Schools)  |d vLex Global (U.S. Academic Edition, excluding Law Schools)  |d vLex Global (Academic Edition, Law Schools) 
650 0 4 |a Contabilidad  |z Colombia 
700 1 |a Villarreal Vs̀quez, Fernando 
700 1 |a Narvèz Grisales, Juliǹ Andrš 
700 1 |a Molina Mora, Francisco Ricardo 
740 0 |a vLex Libros (Servicio en ln̕ea) 
856 4 0 |u https://vlex.com/source/contabilidad-de-costos-ii-costos-por-procesos-costos-conjuntos-y-costos-estandar-con-aproximaciones-a-la-nic2-2-edicion-33341  |z Acceso restringido 
942 |c BOOK 
999 0 |a Accounting